000 00690nam a2200181Ia 4500
008 090630s9999 xx 000 0 und d
082 _b13458
100 _aप्रभावळकर दिलीप.
245 _aबोक्या सातबंडे भाग 3.
_cप्रभावळकर दिलीप.
260 _bराजहंस.
300 _a100
600 _aप्रभावळकर दिलीप.
630 _aबोक्या सातबंडे भाग 3.
655 _aबालवाङमय.
700 _aप्रभावळकर दिलीप.
730 _aबोक्या सातबंडे भाग 3.
942 _cBOOK
999 _c265314
_d265314